Revista Chaplin = The Chaplin Revue /

Colección de siete cortometrajes realizados por Charles Chaplin entre 1917 y 1923, en todos ellos siendo él mismo el protagonista, productor, guionista y compositor musical, y siempre acompañado por la actriz norteamericana Edna Purviance. Se incluyen una serie de materiales extras sobre Chaplin com...

Descripción completa

Guardado en:
Detalles Bibliográficos
Autor principal: Chaplin, Charles (realización)
Otros autores: Chaplin, Charles (actuación) (actuación), Purviance, Edna (actuación) (actuación), Chaplin, Sydney (actuación) (actuación), Wilson, Tom (actuación) (actuación), Swain, Mack (actuación) (actuación), Allen, Phyllis (actuación) (actuación), Bradbury, Kitty (actuación) (actuación)
Formato: Audiovisual
Idioma:Inglés
Colección:(La Colección de Chaplin)
Temas:
Etiquetas: Agrega una etiqueta
Sin etiquetas, Sé el primero en etiquetar este registro!

MARC

LEADER 00000ngm^a2200000^a^4500
001 000289406
005 20250521000000.0
009 20260310111936.959
037 |a Acervo ITESO - Biblioteca 
041 |a ING 
082 |a 810.  |b CHA 
100 |a Chaplin, Charles  |e (realización) 
245 1 0 |a Revista Chaplin =  |b The Chaplin Revue /  |c Realización de C. Chaplin. 
264 2 |a México :  |b Warner Brothers [distribución] :  |b MK2 Productions [distribución],  |c 2004, c2004 
300 |a 2 DVDs regiones 1 y 4  |c (112, 113 min.) 
336 |a imagen móvil bidimensional  |b tdi  |2 rdacontenido 
337 |a video  |b v  |2 rdamedio 
338 |a videodisco  |b vd  |2 rdasoporte 
440 4 |a (La Colección de Chaplin) 
520 |a Colección de siete cortometrajes realizados por Charles Chaplin entre 1917 y 1923, en todos ellos siendo él mismo el protagonista, productor, guionista y compositor musical, y siempre acompañado por la actriz norteamericana Edna Purviance. Se incluyen una serie de materiales extras sobre Chaplin como director y como persona, para situar sus películas en el contexto histórico en que se produjeron; una selección de escenas suprimidas de los cortometrajes aquí presentados; detrás de cámaras de algunos de ellos; galerías de fotos y de carteles, así como un documental en el Chaplin muestra la construcción de su nuevo estudio y explica como se realizaban las películas, y un corto propagandístico sobre la Primera Guerra Mundial. 
546 |a En inglés, con subtítulos opcionales: español, francés, inglés, portugués 
649 |a XX 
650 |a Cineastas Ingleses 
650 |a Comedias Cinematográficas 
650 |a Cine Mudo 
650 |a Cine en Blanco y Negro 
650 |a Cortometrajes y Mediometrajes Norteamericanos 
650 |a Cine Norteamericano -  |y 1910-1919 
650 |a Cine Norteamericano -  |y 1920-1929 
650 |a Vagabundeo 
650 |a Sueños 
650 |a Amor 
650 |a Relaciones de Pareja 
650 |a Identidad Personal 
650 |a Vida Pública -  |x Aspectos Eticos 
650 |a Actividades Recreativas 
650 |a Ocio y Tiempo Libre 
650 |a Dinero 
650 |a Empleo y Desempleo 
650 |a Clase Alta 
650 |a Guerra Mundial (Primera), 1914-1918 
740 4 |a Una vida de perro =  |b A Dog's Life /  |c Realización de C. Chaplin. 
740 0 |a Hombreras =  |b Shoulder Arms /  |c Realización de C. Chaplin. 
740 0 |a Lado soleado =  |b Sunnyside /  |c Realización de C. Chaplin. 
740 3 |a El placer diario =  |b A Day's Pleasure /  |c Realización de C. Chaplin. 
740 3 |a La clase ociosa =  |b The Idle Class /  |c Realización de C. Chaplin. 
740 0 |a Día de paga =  |b Pay Day  |c Realización de C. Chaplin. 
740 3 |a El peregrino =  |b The Pilgrim /  |c Realización de C. Chaplin. 
700 |a Chaplin, Charles  |e (actuación) 
700 |a Purviance, Edna  |e (actuación) 
700 |a Chaplin, Sydney  |e (actuación) 
700 |a Wilson, Tom  |e (actuación) 
700 |a Swain, Mack  |e (actuación) 
700 |a Allen, Phyllis  |e (actuación) 
700 |a Bradbury, Kitty  |e (actuación) 
910 |a Fondo General 
920 |a Audiovisuales - DVDs 
940 |a Películas 
905 |a 302 
901 |a 0500175275  |b IT2  |c DVS  |u 20250521 
901 |a 0500175278  |b IT2  |c DVS  |u 20250521 
902 |a https://opac.biblio.iteso.mx/vufind/Record/000289406